Катализ в процессах растворения твердых тел. Термолиз азидов серебра и таллия; Журнал физической химии; Т. 45, вып. 6

Detalles Bibliográficos
Parent link:Журнал физической химии/ Российская академия наук ; Отделение химии и наук о материалах РАН.— , 1931-.— 0044-4537
Т. 45, вып. 6.— 1971.— С. 1570
Autor principal: Захаров Ю. А. Юрий Александрович
Otros Autores: Курочкин Э. С., Савельев Г. Г.
Lenguaje:ruso
Publicado: 1971
Materias:
Formato: Capítulo de libro
KOHA link:https://koha.lib.tpu.ru/cgi-bin/koha/opac-detail.pl?biblionumber=554900

MARC

LEADER 00000naa2a2200000 4500
001 554900
005 20231101121600.0
035 |a (RuTPU)RU\TPU\prd\248940 
090 |a 554900 
100 |a 20151224a1972 k y0rusy50 ca 
101 0 |a rus 
102 |a RU 
200 1 |a Катализ в процессах растворения твердых тел. Термолиз азидов серебра и таллия  |f Ю. А. Захаров, Э. С. Курочкин, Г. Г. Савельев 
461 0 |0 (RuTPU)RU\TPU\prd\167  |x 0044-4537  |t Журнал физической химии  |f Российская академия наук ; Отделение химии и наук о материалах РАН  |d 1931- 
463 0 |0 (RuTPU)RU\TPU\prd\82140  |t Т. 45, вып. 6  |v С. 1570  |d 1971 
610 1 |a труды учёных ТПУ 
700 1 |a Захаров  |b Ю. А.  |c российский химик  |c профессор Томского политехнического университета  |f 1938-  |g Юрий Александрович  |2 stltpush  |3 (RuTPU)RU\TPU\pers\19791 
701 1 |a Курочкин  |b Э. С. 
701 1 |a Савельев  |b Г. Г. 
801 1 |a RU  |b 63413507  |c 20151224 
942 |c BK